| 000 | 00478nam a2200169 a 4500 | ||
|---|---|---|---|
| 001 | 000025070 | ||
| 005 | 20200930023538.0 | ||
| 008 | 110209s1952 xxu r 000 0 spa d | ||
| 040 |
_aDO-SdBNP _bspa _cBNPHU |
||
| 082 |
_axxxx _bR914e |
||
| 100 | 1 |
_aRudd, A. B. _951444 |
|
| 245 | 1 | 4 |
_aLas epĂstolas a los corintios / _cA. B. Rudd. |
| 250 | _a2a ed. | ||
| 260 |
_aTexas, Estados Unidos : _bCasa Bautista de Publicaciones, _c1952. |
||
| 300 |
_a320 p. ; _c20 cm. |
||
| 049 | _aBNGR | ||
| 999 |
_c24563 _d24563 |
||